Cambios en la desigualdad del ingreso laboral en Costa Rica, 1976-1999: medidas y causas /
Salvato in:
| Autore principale: | |
|---|---|
| Altri autori: | |
| Natura: | testo |
| Soggetti: | |
| Tags: |
Aggiungi Tag
Nessun Tag, puoi essere il primo ad aggiungerne!!
|
MARC
| LEADER | 00000 a a2200000 04500 | ||
|---|---|---|---|
| 001 | 3019 | ||
| 003 | |||
| 040 | |||
| 100 | |a Gindling, T. H. | ||
| 245 | |a Cambios en la desigualdad del ingreso laboral en Costa Rica, 1976-1999: medidas y causas / |c T. H. Gindling | ||
| 650 | |a DESIGUALDAD ECONOMICA | ||
| 650 | |a EDUCACION | ||
| 650 | |a EMPLEO | ||
| 650 | |a DISTRIBUCION DEL INGRESO | ||
| 650 | |a COSTA RICA | ||
| 700 | |a Trejos, Juan Diego | ||
| 773 | |g volumen 23, número 1 -2; páginas 103-126 | ||
| 999 | |c 27038 |d 27038 | ||
